| 000 | 00662cam a22002171 4500 | ||
|---|---|---|---|
| 008 | |||
| 049 | _aMAIN | ||
| 090 |
_aQR342 _bADA |
||
| 100 | 1 | _aAdams, Mark Hancock. | |
| 245 | 1 | 0 |
_aBacteriophages. _cWith chapters by E. S. Anderson [and others] Electron micrographs by E. Kellenberger. |
| 260 |
_aNew York, _bInterscience Publishers, _c1959. |
||
| 300 |
_a592 p. _billus. _c24 cm. |
||
| 504 | _aIncludes bibliography. | ||
| 650 | 0 | _aBacteriophages. | |
| 650 | 2 | _aBacteriophages. | |
| 907 |
_a.b10016028 _b14-05-12 _c17-04-03 |
||
| 003 | |||
| 005 | 20230120203824.0 | ||
| 040 | _cNUST | ||
| 942 |
_cBOOKS _kQR342 _mADA |
||
| 999 |
_c112099 _d112099 |
||